00769cam a2200205I 4500001000700000003000400007005001700011008004100028040002800069082001700097100002200114240003600136245012200172260004400294300002600338500008200364630005400446630004100500700002200541777161OSt20191216160149.0740116|1960||||enk |000 0|eng|c aUniv of Dayton LibcDLC a225.61bK26u1 aKee, Howard Clark10aUnderstanding the New Testament14aUnderstanding the New Testament: The living world of the New Testamentc[by] Howard Clark Kee [and] Franklin W. Young aLondon,bDarton, Longman & Toddc[1960] a492 p.billus.c22 cm aPublished 1957 in the U.S.A. under the title: Understanding the New Testament00aBible.pNew TestamentxHistory of Biblical events00aBible.pNew TestamentxIntroductions10aYoung, Franklin W